| 000 | 00468nam a22001457a 4500 | ||
|---|---|---|---|
| 020 | _a9781032301518 | ||
| 082 |
_a617 _bBAI |
||
| 245 |
_aBailey & Love's Short Practice of Surgery / _cEdited by P. Ronan O'Connell; Andrew W. McCaskie; Robert D. Sayers |
||
| 250 | _a28th Edition. | ||
| 260 |
_aBoca Raton : _bCRC Press Taylor & Francis Group, _c2023. |
||
| 300 |
_avolume; _bill, _c27 cm. |
||
| 563 | _aPBK. | ||
| 650 |
_aSurgery--Practice _9113461 |
||
| 942 |
_2ddc _cBK |
||
| 999 |
_c595278 _d595278 |
||